Vykonávanie enviromentálnych právnych predpisov v členských štátoch EÚ - preskúmanie zo strany Európskej komisie
27 správ o krajinách EÚ, v ktorých je opísaný súčasný stav vykonávania právnych predpisov EÚ v rámci životného prostredia. Preskúmanie, vyvodenie záverov a definícia spoločných trendov na úrovni EÚ. Opatrenia na zlepšenie životného prostredia v každom štáte EÚ.
Salvato in:
| Autore principale: | |
|---|---|
| Natura: | Capitolo di libro |
| Lingua: | slovacco |
| Soggetti: | |
| Tags: |
Nessun Tag, puoi essere il primo ad aggiungerne!!
|
MARC
| LEADER | 00000naa a2200000 4500 | ||
|---|---|---|---|
| 001 | 0288576 | ||
| 005 | 20240417075219.0 | ||
| 041 | 0 | |a slo | |
| 044 | |a SK | ||
| 245 | 1 | 0 | |a Vykonávanie enviromentálnych právnych predpisov v členských štátoch EÚ - preskúmanie zo strany Európskej komisie |c Peter Šimurka |
| 520 | |a 27 správ o krajinách EÚ, v ktorých je opísaný súčasný stav vykonávania právnych predpisov EÚ v rámci životného prostredia. Preskúmanie, vyvodenie záverov a definícia spoločných trendov na úrovni EÚ. Opatrenia na zlepšenie životného prostredia v každom štáte EÚ. | ||
| 610 | 2 | 0 | |a prostredie životné |
| 610 | 2 | 0 | |a prostredie prírodné |
| 610 | 2 | 0 | |a predpisy právne |
| 610 | 2 | 0 | |a Európska únia |
| 610 | 2 | 0 | |a Európska komisia |
| 610 | 2 | 0 | |a opatrenia |
| 610 | 2 | 0 | |a politika environmentálna |
| 610 | 2 | 0 | |a voda |
| 610 | 2 | 0 | |a hospodárstvo obehové |
| 610 | 2 | 0 | |a znečistenie ovzdušia |
| 100 | 1 | |a Šimurka, Peter | |